Titres de chansons contenant le mot ciel - Statistiques

Statistiques générales
  • Ce quiz a été pris 75 fois
  • Le résultat moyen est 2 sur 17
Statistiques - réponses
Chanteur Titre de la chanson % Correct
Jacques Higelin (1988) Tombé du ciel
83%
François Deguelt (1962) Le ciel le soleil et la mer
42%
Yves Montand - Edith Piaf - Juliette Greco - Zaz Sous le ciel de Paris
41%
Jairo (1979) Les jardins du ciel
24%
Johnny Hallyday (1991) Les chevaliers du ciel
8%
Garou (2000) La moitié du ciel
6%
Eddy Mitchell (1971) Arc en ciel
5%
Dalida (1958) Dans le bleu du ciel bleu
3%
Carla Bruni (2002 Le ciel dans une chambre
2%
Véronique Sanson (1992) Le feu du ciel
2%
Michel Jonasz (1987) Si si si le ciel
2%
La Compagnie Créole (1984) Un cadeau du ciel
2%
Indochine (1996) Ce soir le ciel
0%
Nana Mouskouri (1997) Le ciel est noir
0%
Les Compagnons de la chanson (1968) Les cavaliers du ciel
0%
Johnny Halldyday (1961) Mon septième ciel
0%
Zazie (2007) Vue du ciel
0%
Aucun quiz correspondant
Distribution des résultats
% des personnes avec chaque résultat
Percentile par nombre de réponses
Votre historique - résultats
Vous n’avez pas pris ce quiz